Muslims in North India: (Record no. 28079)

MARC details
000 -LEADER
fixed length control field 00915nam a2200241 a 4500
005 - DATE AND TIME OF LATEST TRANSACTION
control field 20090706153310.0
008 - FIXED-LENGTH DATA ELEMENTS--GENERAL INFORMATION
fixed length control field 010625s2001 ii b 000 0 eng
010 ## - LCCN (DPL NO)
LC control number ENG-94328
020 ## - INTERNATIONAL STANDARD BOOK NUMBER
Terms of availability 295.00
International Standard Book Number 9788124114100
035 ## - SYSTEM CONTROL NUMBER
System control number EN-77861
037 ## - SOURCE OF ACQUISITION
Source of stock number/acquisition DBAD / PUB
040 ## - CATALOGING SOURCE
Original cataloging agency dpl
Language of cataloging English
082 ## - DEWEY DECIMAL CLASSIFICATION NUMBER
Classification number 305.6971054
100 ## - MAIN ENTRY--PERSONAL NAME
Personal name Syed Iqbal Hasnain
245 ## - TITLE STATEMENT
Title Muslims in North India:
Statement of responsibility, etc by Syed Iqbal Hasnain
Remainder of title frozen in the past /
260 ## - PUBLICATION, DISTRIBUTION, ETC. (IMPRINT)
Place of publication, distribution, etc New Delhi
Name of publisher, distributor, etc Har-Anand Publications
Date of publication, distribution, etc 2009
270 ## - ADDRESS
Address E-49/3, Okhla Industrial Area, Phase-II,
City New Delhi
Postal code 110020
300 ## - PHYSICAL DESCRIPTION
Extent 144p.
Dimensions 22cm(Hb)
500 ## - GENERAL NOTE
General note Includes index
650 ## - SUBJECT ADDED ENTRY--TOPICAL TERM
Topical term or geographic name as entry element Muslims
Geographic subdivision India, North
942 ## - ADDED ENTRY ELEMENTS (KOHA)
Source of classification or shelving scheme Dewey Decimal Classification
Item type English Books
Call number suffix SYE
Classification part 305.6971054
Holdings
Withdrawn status Lost status Source of classification or shelving scheme Damaged status Not for loan Collection code Home library Current library Date acquired Source of acquisition Cost, normal purchase price Total Checkouts Full call number Barcode Date last seen Copy number Cost, replacement price Koha item type
    Dewey Decimal Classification   Not For Loan Non-fiction D.B.Act.Division D.B.Act.Division 06/07/2009 DBAD / PUB 295.00   305.6971054 SYE EN-77861 06/07/2009 1 295.00 English Books

© Delhi Public Library
Hit Counter
free hit counter